000 01152nam a22002057a 4500
003 JO-AjAnu
005 20240402103002.0
008 240401b jo ||||| |||| 00| 0 ara d
040 _aJO-AjAnu
_cJO-AjAnu
041 0 _aara
050 _aHF5437
_b2023
100 1 _aعودة، لانا ابراهيم محمد
_965213
_eمعد
245 0 1 _aاثر ادارة السلاسل التوريد على جودة الخدمات المقدمة في شركة كهرباء محافظة اربد: الأزمات كمتغير معدل = The Impact of Supply Chains Management on the Quality of Services by irbid District Electricity Companany: Crises as a Moderating Variable /
_cاعداد لانا ابراهيم محمد عودة ؛ إشراف بلال احمد مثاني
260 _c2023
300 _a141ورقة
505 _aرسالة جامعية(ماجستير).- جامعةعجلون الوطنية (عجلون، الأردن) ، كليةالأعمال ، تخصص إدارة الاعمال، 2023.
650 7 0 _aالتوريدات - ادارة
_965214
700 1 _aالمثاني، بلال احمد
_965043
_eمشرف
942 _2lcc
_cTHS
_n0
999 _c33385
_d33385